000 00531cam a2200205 4500
001 D7208
008 090401t1985 xxu||||| |||| 00| 0 eng d
035 _a(Sirsi) u5901
041 _aeng
050 _a693.82
100 _aMorgan, H.P.
245 2 _aA simplified approach to smoke-ventilation calculations
260 _aGarston, Watford
_bBuilding Research Establishment
_c1985
300 _a3p. 30cm
350 _a0
490 _aInformation Paper
_v19/85
520 _aCaption title
942 _n0
948 _c04/03/1997
999 _c86227
_d86227